| Tag |
First Indicator |
Second Indicator |
Subfields |
| LEADER |
00000cam a2200000 i 4500 |
| 001 |
in00004635301 |
| 006 |
m o d |
| 007 |
cr cn|---uuuuu |
| 008 |
180303s2017 uy ob 000 0 spa d |
| 005 |
20230103223431.5 |
| 035 |
|
|
|a (OCoLC)on1027177036
|
| 040 |
|
|
|a EBLCP
|b eng
|e rda
|e pn
|c EBLCP
|d FUG
|d OCLCF
|d OCLCQ
|d OCLCA
|d OCLCQ
|d JSTOR
|d OCLCO
|
| 020 |
|
|
|a 9789877222623
|
| 020 |
|
|
|a 9877222620
|
| 035 |
|
|
|a (OCoLC)1027177036
|
| 037 |
|
|
|a 22573/ctv252tb07
|b JSTOR
|
| 050 |
|
4 |
|a B821
|b .H49 2017
|
| 072 |
|
7 |
|a BUS
|x 069030
|2 bisacsh
|
| 082 |
0 |
4 |
|a 330.122
|2 23
|
| 049 |
|
|
|a TXAM
|
| 100 |
1 |
|
|a Hinkelammert, Franz J.
|q (Franz Josef),
|d 1931-
|e author.
|
| 245 |
1 |
0 |
|a Franz Josef Hinkelammert :
|b la vida o el capital, antología esencial, el grito del sujeto vivo y corporal frente a la ley del mercado /
|c edición, selección, prólogo y notas a cargo de Estela Fernández Nadal.
|
| 246 |
3 |
0 |
|a Vida o el capital
|
| 246 |
3 |
0 |
|a Grito del sujeto vivo y corporal frente a la ley del mercado
|
| 250 |
|
|
|a Primera edición.
|
| 264 |
|
1 |
|a [Montevideo, Uruguay] :
|b ALAS, Asociación Latinoamericana de Sociología ;
|a Ciudad de Buenos Aires, Argentina :
|b CLACSO,
|c 2017.
|
| 300 |
|
|
|a 1 online resource (375 pages)
|
| 336 |
|
|
|a text
|b txt
|2 rdacontent
|
| 337 |
|
|
|a computer
|b c
|2 rdamedia
|
| 338 |
|
|
|a online resource
|b cr
|2 rdacarrier
|
| 490 |
1 |
|
|a Colección Antologías del pensamiento social latinoamericano y caribeño
|
| 504 |
|
|
|a Includes bibliographical references.
|
| 650 |
|
0 |
|a Humanism.
|
| 650 |
|
0 |
|a Subject (Philosophy)
|
| 650 |
|
0 |
|a Capitalism.
|
| 650 |
|
6 |
|a Humanisme.
|
| 650 |
|
6 |
|a Sujet (Philosophie)
|
| 650 |
|
7 |
|a humanism.
|2 aat
|
| 650 |
|
7 |
|a BUSINESS & ECONOMICS / Economics / Theory
|2 bisacsh
|
| 650 |
|
7 |
|a Capitalism.
|2 fast
|0 (OCoLC)fst00846425
|
| 650 |
|
7 |
|a Humanism.
|2 fast
|0 (OCoLC)fst00963520
|
| 650 |
|
7 |
|a Subject (Philosophy)
|2 fast
|0 (OCoLC)fst01136447
|
| 655 |
|
7 |
|a Electronic books.
|2 local
|
| 700 |
1 |
|
|a Fernández Nadal, Estela,
|d 1958-
|e editor.
|
| 710 |
2 |
|
|a JSTOR (Organization)
|
| 830 |
|
0 |
|a Antologías del pensamiento social latinoamericano y caribeño.
|
| 856 |
4 |
0 |
|u https://www.jstor.org/stable/10.2307/j.ctv253f56d
|z Connect to the full text of this electronic book
|t 0
|
| 955 |
|
|
|a JSTOR Open Access ebooks
|
| 994 |
|
|
|a 92
|b TXA
|
| 999 |
f |
f |
|s fb6a4571-c512-44d8-8484-ef2cbd78578d
|i 7b1302e6-0bbf-484c-b3f8-09d2ae2dd850
|t 0
|
| 952 |
f |
f |
|a Texas A&M University
|b College Station
|c Electronic Resources
|d Available Online
|t 0
|e B821 .H49 2017
|h Library of Congress classification
|
| 998 |
f |
f |
|a B821 .H49 2017
|t 0
|l Available Online
|